[Event "Dutch Open-ch 2019"]
[Site "Dieren"]
[Date "2019.07.25"]
[Round "3.18"]
[White "Ypma, Jord"]
[Black "Wedda, Dries"]
[Result "1-0"]
[WhiteElo "1968"]
[BlackElo "2234"]
[Annotator "NA"]
[PlyCount "87"]
[EventDate "2019.07.23"]
[EventType "swiss"]
[EventCountry "NED"]
[SourceTitle "playchess.com"]
[Source "ChessBase"]
[SourceQuality "1"]
[TimeControl "40/5400+30:1800+30"]

1. d4 {[%emt 0:00:00]} Nf6 {[%emt 0:00:00]} 2. c4 {[%emt 0:00:27]} e6 {[%emt 0:00:00]} 3. Nc3 {[%emt 0:00:48]} Bb4 {[%emt 0:00:00]} 4. Qc2 {[%emt 0:00:46]} d5 {[%emt 0:01:48]} 5. cxd5 {[%emt 0:01:05]} exd5 {[%emt 0:00:59]} 6. Bg5 {[%emt 0:00:24]} h6 {[%emt 0:00:18]} 7. Bh4 {[%emt 0:00:26]} Nc6 {[%emt 0:00:31]} 8. e3 {[%emt 0:04:21]} g5 {[%emt 0:01:06]} 9. Bg3 {[%emt 0:00:34]} h5 {[%emt 0:00:10]} 10. Bd3 {[%emt 0:09:11]} Qe7 {[%emt 0:02:46]} 11. Nge2 {[%emt 0:05:29]} h4 {[%emt 0:20:46]} 12. Be5 {[%emt 0:01:41]} Nxe5 {[%emt 0:08:33]} 13. dxe5 {[%emt 0:00:21]} Ng4 {[%emt 0:00:14]} 14. a3 {[%emt 0:20:52]} Bxc3+ {[%emt 0:00:49]} 15. Qxc3 {[%emt 0:00:30]} Qxe5 {[%emt 0:11:19]} 16. Bb5+ {[%emt 0:09:42]} Kf8 {[%emt 0:07:33]} 17. Qb4+ {[%emt 0:03:37]} Kg7 {[%emt 0:00:32]} 18. Bd3 {[%emt 0:03:44]} Re8 {[%emt 0:08:59]} 19. Qd2 {[%emt 0:04:24]} Bd7 {[%emt 0:05:38]} 20. h3 {[%emt 0:01:19]} Nf6 {[%emt 0:00:28]} 21. O-O {[%emt 0:00:53]} c5 {[%emt 0:04:05]} 22. Rad1 {[%emt 0:02:15]} Bc6 {[%emt 0:01:04]} 23. b4 {[%emt 0:02:18]} c4 {[%emt 0:04:34]} 24. Bb1 {[%emt 0:00:39]} a5 {[%emt 0:00:40]} 25. Nd4 {[%emt 0:02:21]} g4 {[%emt 0:06:26]} 26. Nf5+ {[%emt 0:02:23]} Kf8 {[%emt 0:00:36]} 27. e4 {[%emt 0:01:21]} Ng8 {[%emt 0:00:27]} 28. exd5 {[%emt 0:02:21]} Bd7 {[%emt 0:00:01]} 29. hxg4 {[%emt 0:01:05]} Bxf5 {[%emt 0:00:52]} 30. Bxf5 {[%emt 0:00:33]} h3 {[%emt 0:02:50]} 31. gxh3 {[%emt 0:02:07]} axb4 {[%emt 0:01:27]} 32. Qxb4+ {[%emt 0:00:36]} Kg7 {[%emt 0:00:02]} 33. Rfe1 {[%emt 0:02:00]} Qf6 {[%emt 0:00:17]} 34. Rxe8 {[%emt 0:00:42]} Rxe8 {[%emt 0:00:01]} 35. Qxc4 {[%emt 0:01:28]} Nh6 {[%emt 0:00:31]} 36. Qf4 {[%emt 0:01:11]} Kf8 {[%emt 0:03:12]} 37. d6 {[%emt 0:02:05]} Nxf5 {[%emt 0:00:06]} 38. Qxf5 {[%emt 0:01:06]} Qc3 {[%emt 0:00:23]} 39. d7 {[%emt 0:00:55]} Re1+ {[%emt 0:00:09]} 40. Rxe1 {[%emt 0:00:08]} Qxe1+ {[%emt 0:00:01]} 41. Kg2 {[%emt 0:31:11]} Ke7 {[%emt 0:30:30]} 42. Qd5 {[%emt 0:00:54]} Kd8 {[%emt 0:00:20]} 43. Qxb7 {[%emt 0:00:33]} Ke7 {[%emt 0:00:04]} 44. Qb4+ {[%emt 0:00:11]} 1-0

[Event "Dutch Open-ch 2019"]
[Site "Dieren"]
[Date "2019.07.25"]
[Round "3.19"]
[White "Elgersma, Onno"]
[Black "Grutter, Tim"]
[Result "1/2-1/2"]
[WhiteElo "2232"]
[BlackElo "2091"]
[Annotator "NA"]
[PlyCount "135"]
[EventDate "2019.07.23"]
[EventType "swiss"]
[EventCountry "NED"]
[SourceTitle "playchess.com"]
[Source "ChessBase"]
[SourceQuality "1"]
[TimeControl "40/5400+30:1800+30"]

1. e4 {[%emt 0:00:00]} c5 {[%emt 0:00:00]} 2. Nf3 {[%emt 0:00:00]} e6 {[%emt 0:00:00]} 3. d4 {[%emt 0:00:00]} cxd4 {[%emt 0:00:00]} 4. Nxd4 {[%emt 0:00:00]} Nc6 {[%emt 0:00:00]} 5. Nc3 {[%emt 0:00:00]} Qc7 {[%emt 0:00:00]} 6. Be3 {[%emt 0:00:07]} a6 {[%emt 0:00:02]} 7. Qd2 {[%emt 0:00:09]} Nf6 {[%emt 0:00:04]} 8. f4 {[%emt 0:00:12]} Bb4 {[%emt 0:02:46]} 9. Bd3 {[%emt 0:00:27]} Na5 {[%emt 0:05:35]} 10. a3 {[%emt 0:00:54]} Bxc3 {[%emt 0:01:39]} 11. Qxc3 {[%emt 0:00:05]} Qxc3+ {[%emt 0:00:08]} 12. bxc3 {[%emt 0:00:05]} d6 {[%emt 0:12:49]} 13. O-O {[%emt 0:08:22]} Bd7 {[%emt 0:04:49]} 14. Nb3 {[%emt 0:22:18]} Nxb3 {[%emt 0:04:33]} 15. cxb3 {[%emt 0:00:02]} Bc6 {[%emt 0:00:20]} 16. e5 {[%emt 0:00:24]} dxe5 {[%emt 0:02:55]} 17. fxe5 {[%emt 0:00:04]} Nd5 {[%emt 0:01:20]} 18. Bd4 {[%emt 0:01:12]} Rd8 {[%emt 0:04:22]} 19. Rad1 {[%emt 0:03:26]} O-O {[%emt 0:11:46]} 20. c4 {[%emt 0:05:52]} Ne7 {[%emt 0:06:05]} 21. Bc5 {[%emt 0:01:30]} Rd7 {[%emt 0:00:40]} 22. Bxh7+ {[%emt 0:10:47]} Kxh7 {[%emt 0:00:15]} 23. Rxd7 {[%emt 0:00:05]} Bxd7 {[%emt 0:00:08]} 24. Bxe7 {[%emt 0:00:05]} Re8 {[%emt 0:00:16]} 25. Bd6 {[%emt 0:01:36]} Kg6 {[%emt 0:00:39]} 26. Rf4 {[%emt 0:09:00]} f6 {[%emt 0:02:54]} 27. Rg4+ {[%emt 0:10:48]} Kf7 {[%emt 0:00:19]} 28. Rh4 {[%emt 0:04:52]} Bc6 {[%emt 0:01:18]} 29. a4 {[%emt 0:00:46]} Rd8 {[%emt 0:02:04]} 30. Rd4 {[%emt 0:00:11]} Rh8 {[%emt 0:01:49]} 31. h4 {[%emt 0:06:05]} Rh5 {[%emt 0:01:31]} 32. Rf4 {[%emt 0:00:45]} Rf5 {[%emt 0:05:58]} 33. Rxf5 {[%emt 0:02:07]} exf5 {[%emt 0:01:18]} 34. Kf2 {[%emt 0:01:03]} Be4 {[%emt 0:01:25]} 35. exf6 {[%emt 0:04:19]} Kxf6 {[%emt 0:00:51]} 36. b4 {[%emt 0:00:36]} Bc2 {[%emt 0:00:42]} 37. a5 {[%emt 0:00:38]} Bb3 {[%emt 0:00:51]} 38. c5 {[%emt 0:00:21]} Bd5 {[%emt 0:00:23]} 39. Bf4 {[%emt 0:01:29]} g6 {[%emt 0:00:51]} 40. g3 {[%emt 0:02:16]} Bc6 {[%emt 0:00:36]} 41. Ke3 {[%emt 0:30:08]} Ke6 {[%emt 0:30:31]} 42. Kd4 {[%emt 0:00:17]} Bb5 {[%emt 0:00:31]} 43. Bg5 {[%emt 0:00:35]} Bc6 {[%emt 0:00:16]} 44. Bd8 {[%emt 0:00:36]} Bb5 {[%emt 0:00:26]} 45. Bb6 {[%emt 0:02:11]} Bc6 {[%emt 0:01:49]} 46. Bc7 {[%emt 0:00:52]} Bb5 {[%emt 0:01:36]} 47. Bd6 {[%emt 0:00:23]} Bf1 {[%emt 0:02:20]} 48. Ke3 {[%emt 0:01:53]} Kd5 {[%emt 0:00:57]} 49. Kf4 {[%emt 0:00:49]} Be2 {[%emt 0:00:25]} 50. Bf8 {[%emt 0:02:08]} Bd1 {[%emt 0:00:28]} 51. Kg5 {[%emt 0:00:27]} Bh5 {[%emt 0:00:05]} 52. Kf6 {[%emt 0:00:00]} Kc6 {[%emt 0:00:00]} 53. Ke6 {[%emt 0:00:00]} Be2 {[%emt 0:00:00]} 54. Bg7 {[%emt 0:00:00]} Bd1 {[%emt 0:00:00]} 55. Bc3 {[%emt 0:00:00]} Be2 {[%emt 0:00:00]} 56. Be1 {[%emt 0:00:00]} Bd1 {[%emt 0:00:00]} 57. Kf6 {[%emt 0:00:00]} Bh5 {[%emt 0:00:00]} 58. Kg5 {[%emt 0:00:00]} Kb5 {[%emt 0:00:00]} 59. g4 {[%emt 0:00:00]} fxg4 {[%emt 0:00:00]} 60. Kf4 {[%emt 0:00:00]} g3 {[%emt 0:00:00]} 61. Kxg3 {[%emt 0:00:00]} Bd1 {[%emt 0:00:00]} 62. Kf4 {[%emt 0:00:00]} Bc2 {[%emt 0:00:00]} 63. Kg5 {[%emt 0:00:00]} Kc6 {[%emt 0:00:00]} 64. Kf6 {[%emt 0:00:00]} Bb1 {[%emt 0:00:00]} 65. Ke7 {[%emt 0:00:00]} Bc2 {[%emt 0:00:00]} 66. Kd8 {[%emt 0:00:00]} Bf5 {[%emt 0:00:00]} 67. Bd2 {[%emt 0:00:00]} Bg4 {[%emt 0:00:00]} 68. Be1 {[%emt 0:00:00]} 1/2-1/2

[Event "Dutch Open-ch 2019"]
[Site "Dieren"]
[Date "2019.07.25"]
[Round "3.20"]
[White "Mesman, Edwyn"]
[Black "Nair, Sanjeev"]
[Result "0-1"]
[WhiteElo "2204"]
[BlackElo "2045"]
[Annotator "NA"]
[PlyCount "80"]
[EventDate "2019.07.23"]
[EventType "swiss"]
[EventCountry "NED"]
[SourceTitle "playchess.com"]
[Source "ChessBase"]
[SourceQuality "1"]
[TimeControl "40/5400+30:1800+30"]

1. d4 {[%emt 0:00:00]} Nf6 {[%emt 0:00:00]} 2. c4 {[%emt 0:00:00]} g6 {[%emt 0:00:00]} 3. Nc3 {[%emt 0:00:11]} Bg7 {[%emt 0:00:00]} 4. e4 {[%emt 0:00:18]} d6 {[%emt 0:00:00]} 5. Nf3 {[%emt 0:00:45]} O-O {[%emt 0:00:14]} 6. h3 {[%emt 0:00:21]} e5 {[%emt 0:01:42]} 7. d5 {[%emt 0:00:13]} a5 {[%emt 0:03:18]} 8. g4 {[%emt 0:00:36]} Na6 {[%emt 0:01:08]} 9. Be3 {[%emt 0:00:56]} Nd7 {[%emt 0:01:13]} 10. Rg1 {[%emt 0:05:06]} Ndc5 {[%emt 0:03:26]} 11. Nd2 {[%emt 0:06:30]} Bd7 {[%emt 0:06:46]} 12. a3 {[%emt 0:08:24]} a4 {[%emt 0:05:33]} 13. Qc2 {[%emt 0:02:04]} c6 {[%emt 0:00:51]} 14. Be2 {[%emt 0:09:20]} Qa5 {[%emt 0:09:50]} 15. Kf1 {[%emt 0:02:54]} Kh8 {[%emt 0:03:23]} 16. Kg2 {[%emt 1:00:22]} f5 {[%emt 0:11:52]} 17. f3 {[%emt 0:00:00]} f4 {[%emt 0:04:00]} 18. Bf2 {[%emt 0:00:00]} Bf6 {[%emt 0:00:34]} 19. h4 {[%emt 0:00:00]} h5 {[%emt 0:00:53]} 20. g5 {[%emt 0:00:00]} Bd8 {[%emt 0:06:21]} 21. Rgb1 {[%emt 0:00:00]} cxd5 {[%emt 0:09:13]} 22. cxd5 {[%emt 0:00:00]} Rc8 {[%emt 0:01:23]} 23. Rc1 {[%emt 0:00:00]} Be7 {[%emt 0:07:28]} 24. Rab1 {[%emt 0:00:00]} Qd8 {[%emt 0:05:30]} 25. b4 {[%emt 0:00:00]} axb3 {[%emt 0:02:25]} 26. Nxb3 {[%emt 0:00:00]} Nxe4 {[%emt 0:05:52]} 27. Qxe4 {[%emt 0:01:12]} Bf5 {[%emt 0:00:52]} 28. Qa4 {[%emt 0:00:14]} Rxc3 {[%emt 0:00:15]} 29. Rxc3 {[%emt 0:00:56]} Bxb1 {[%emt 0:00:13]} 30. Bd3 {[%emt 0:00:57]} Bxd3 {[%emt 0:01:53]} 31. Rxd3 {[%emt 0:00:04]} Qc8 {[%emt 0:02:47]} 32. Qe4 {[%emt 0:01:28]} Kg7 {[%emt 0:01:58]} 33. Rd1 {[%emt 0:02:59]} Qd7 {[%emt 0:03:05]} 34. Nd2 {[%emt 0:00:37]} Rc8 {[%emt 0:00:27]} 35. Qb1 {[%emt 0:00:31]} Rc3 {[%emt 0:02:31]} 36. Ne4 {[%emt 0:00:28]} Rxa3 {[%emt 0:00:20]} 37. Qb6 {[%emt 0:00:33]} Rxf3 {[%emt 0:00:21]} 38. Nf6 {[%emt 0:00:02]} Qh3+ {[%emt 0:00:44]} 39. Kg1 {[%emt 0:00:04]} Rb3 {[%emt 0:00:34]} 40. Ne8+ {[%emt 0:00:47]} Kh7 {[%emt 0:00:21]} 0-1

[Event "Dutch Open-ch 2019"]
[Site "Dieren"]
[Date "2019.07.26"]
[Round "4.1"]
[White "Pruijssers, Roeland"]
[Black "Beerdsen, Thomas"]
[Result "0-1"]
[WhiteElo "2534"]
[BlackElo "2497"]
[Annotator "ChessBase"]
[PlyCount "74"]
[EventDate "2019.07.23"]
[EventType "swiss"]
[EventCountry "NED"]
[SourceTitle "playchess.com"]
[Source "ChessBase"]
[SourceQuality "1"]
[TimeControl "40/5400+30:1800+30"]

1. c4 {[%emt 0:00:00]} c5 {[%emt 0:10:56]} 2. g3 {[%emt 0:00:00]} g6 {[%emt 0:01:52]} 3. Bg2 {[%emt 0:00:09]} Bg7 {[%emt 0:00:06]} 4. Nc3 {[%emt 0:00:05]} Nc6 {[%emt 0:00:28]} 5. a3 {[%emt 0:00:19]} e6 {[%emt 0:05:36]} 6. Rb1 {[%emt 0:01:23]} Nge7 {[%emt 0:01:24]} 7. b4 {[%emt 0:01:13]} cxb4 {[%emt 0:05:03]} 8. axb4 {[%emt 0:01:18]} O-O {[%emt 0:00:14]} 9. b5 {[%emt 0:21:05]} Na5 {[%emt 0:12:58]} 10. Qa4 {[%emt 0:02:20]} d5 {[%emt 0:02:33]} 11. cxd5 {[%emt 0:04:32]} Nxd5 {[%emt 0:00:43]} 12. Nxd5 {[%emt 0:04:00]} exd5 {[%emt 0:00:12]} 13. Nf3 {[%emt 0:00:06]} Re8 {[%emt 0:04:30]} 14. d3 {[%emt 0:03:13]} Bf5 {[%emt 0:05:06]} 15. Kf1 {[%emt 0:03:45]} Rc8 {[%emt 0:01:47]} 16. Be3 {[%emt 0:13:46]} Nc4 {[%emt 0:07:52]} 17. Bg5 {[%emt 0:03:40]} Qb6 {[%emt 0:03:00]} 18. Qb3 {[%emt 0:07:40]} Nd6 {[%emt 0:03:50]} 19. Be3 {[%emt 0:09:47]} Rxe3 {[%emt 0:02:22]} 20. fxe3 {[%emt 0:00:05]} Qxe3 {[%emt 0:00:52]} 21. Qxd5 {[%emt 0:01:03]} Re8 {[%emt 0:11:42]} 22. Qa2 {[%emt 0:09:05]} Bxd3 {[%emt 0:05:50]} 23. exd3 {[%emt 0:00:07]} Qxd3+ {[%emt 0:00:04]} 24. Kg1 {[%emt 0:00:06]} Re2 {[%emt 0:00:07]} 25. Qxe2 {[%emt 0:00:14]} Qxe2 {[%emt 0:00:04]} 26. h4 {[%emt 0:00:36]} Nf5 {[%emt 0:03:17]} 27. Re1 {[%emt 0:01:39]} Bd4+ {[%emt 0:00:12]} 28. Kh2 {[%emt 0:00:05]} Qf2 {[%emt 0:00:06]} 29. Rhf1 {[%emt 0:00:37]} Qxg3+ {[%emt 0:00:05]} 30. Kh1 {[%emt 0:00:04]} Bb6 {[%emt 0:01:21]} 31. Re8+ {[%emt 0:02:25]} Kg7 {[%emt 0:00:07]} 32. Re4 {[%emt 0:00:14]} Ne3 {[%emt 0:02:15]} 33. Rxe3 {[%emt 0:11:49]} Bxe3 {[%emt 0:00:05]} 34. Re1 {[%emt 0:00:00]} Bc5 {[%emt 0:00:31]} 35. Re4 {[%emt 0:00:00]} h6 {[%emt 0:01:03]} 36. Rc4 {[%emt 0:00:00]} Bd6 {[%emt 0:01:02]} 37. Nd2 {[%emt 0:00:00]} Qh2# {[%emt 0:00:04]} 0-1

[Event "Dutch Open-ch 2019"]
[Site "Dieren"]
[Date "2019.07.26"]
[Round "4.2"]
[White "Reinderman, Dimitri"]
[Black "Vrolijk, Liam"]
[Result "1/2-1/2"]
[WhiteElo "2583"]
[BlackElo "2478"]
[Annotator "ChessBase"]
[PlyCount "61"]
[EventDate "2019.07.23"]
[EventType "swiss"]
[EventCountry "NED"]
[SourceTitle "playchess.com"]
[Source "ChessBase"]
[SourceQuality "1"]
[TimeControl "40/5400+30:1800+30"]

1. c4 {[%emt 0:00:00]} e5 {[%emt 0:00:00]} 2. Nc3 {[%emt 0:00:00]} Nf6 {[%emt 0:00:00]} 3. g3 {[%emt 0:00:00]} Bc5 {[%emt 0:00:23]} 4. Bg2 {[%emt 0:00:16]} c6 {[%emt 0:00:33]} 5. e3 {[%emt 0:07:57]} Bb6 {[%emt 0:00:52]} 6. d4 {[%emt 0:02:47]} exd4 {[%emt 0:00:42]} 7. exd4 {[%emt 0:00:04]} d5 {[%emt 0:00:29]} 8. cxd5 {[%emt 0:01:12]} Nxd5 {[%emt 0:03:08]} 9. Nxd5 {[%emt 0:02:21]} cxd5 {[%emt 0:00:08]} 10. Ne2 {[%emt 0:01:59]} Nc6 {[%emt 0:01:42]} 11. Be3 {[%emt 0:01:17]} O-O {[%emt 0:03:45]} 12. Nc3 {[%emt 0:03:39]} Be6 {[%emt 0:07:19]} 13. O-O {[%emt 0:00:29]} Qf6 {[%emt 0:10:22]} 14. Nxd5 {[%emt 0:18:42]} Bxd5 {[%emt 0:03:56]} 15. Bxd5 {[%emt 0:00:07]} Rad8 {[%emt 0:02:16]} 16. Qf3 {[%emt 0:16:52]} Qxf3 {[%emt 0:02:19]} 17. Bxf3 {[%emt 0:00:18]} Bxd4 {[%emt 0:01:02]} 18. Bxc6 {[%emt 0:07:44]} Bxe3 {[%emt 0:01:37]} 19. fxe3 {[%emt 0:06:00]} bxc6 {[%emt 0:00:21]} 20. Rfd1 {[%emt 0:00:14]} Rfe8 {[%emt 0:04:25]} 21. Kf2 {[%emt 0:01:36]} Kf8 {[%emt 0:03:01]} 22. Ke2 {[%emt 0:00:42]} Ke7 {[%emt 0:01:53]} 23. b3 {[%emt 0:00:42]} h5 {[%emt 0:03:36]} 24. Rxd8 {[%emt 0:01:50]} Rxd8 {[%emt 0:02:00]} 25. Rc1 {[%emt 0:00:38]} Rd6 {[%emt 0:02:34]} 26. Rc5 {[%emt 0:01:53]} g6 {[%emt 0:00:12]} 27. Ra5 {[%emt 0:04:28]} Rd7 {[%emt 0:00:10]} 28. b4 {[%emt 0:00:09]} Kd8 {[%emt 0:03:36]} 29. Ra6 {[%emt 0:08:48]} Rc7 {[%emt 0:00:15]} 30. h4 {[%emt 0:03:40]} Kc8 {[%emt 0:01:29]} 31. Ra5 {[%emt 0:03:03]} 1/2-1/2

[Event "Dutch Open-ch 2019"]
[Site "Dieren"]
[Date "2019.07.26"]
[Round "4.3"]
[White "Buckels, Valentin"]
[Black "David, Alberto"]
[Result "1/2-1/2"]
[WhiteElo "2451"]
[BlackElo "2553"]
[Annotator "TA"]
[PlyCount "108"]
[EventDate "2019.07.23"]
[EventType "swiss"]
[EventCountry "NED"]
[SourceTitle "playchess.com"]
[Source "ChessBase"]
[SourceQuality "1"]

{[%evp 20,108,0,0,0,0,5,0,0,0,16,0,0,0,0,-30,0,0,0,-10,0,-6,-8,-8,-4,-16,0,0,0,0,0,-7,-7,-2,0,0,0,0,0,0,15,1,6,-40,0,0,0,0,0,-24,-25,-25,-22,-20,-22,-22,0,0,0,0,0,0,0,0,0,0,0,0,0,-7,0,-6,0,0,0,0,0,0,0,0,0,0,0,0,0,0,0,0,0,0,0]} 1. Nf3 d6 2. g3 e5 3. d3 g6 4. c4 Bg7 5. Nc3 Nf6 6. Bg2 O-O 7. O-O Re8 8. Rb1 a5 9. a3 c6 10. b4 axb4 11. axb4 d5 {A24: English Opening vs King's Indian: Lines without ...Nc6} (11... h6 12. b5 d5 13. bxc6 bxc6 14. cxd5 Nxd5 15. Nxd5 cxd5 16. Nd2 Nc6 17. Bb2 Be6 18. e3 Qd6 19. Ra1 Reb8 {0-1 (63) Sokolov,A (2532)-Amin,B (2710) St Petersburg 2018}) 12. e4 dxc4 13. dxc4 Be6 $146 ({Predecessor:} 13... Nbd7 14. Qe2 Nf8 15. Rd1 N6d7 16. c5 Ne6 17. Be3 Qe7 18. Rd6 Kh8 19. Qc2 {1-0 (69) Jumanov,E (1801)-Khoroshev,N (2263) Tashkent 2011}) 14. Qe2 Qc7 15. Bb2 Nbd7 {[%cal Bb8d7,Bd7f8,Bf8e6,Be6d4][%mdl 32]} 16. Ng5 Nf8 17. Nd1 h6 18. Nxe6 Nxe6 19. Bc3 Nd7 20. Ne3 Nd4 21. Qd3 Ra3 {[#] Strongly threatening ...Rxc3!} 22. Kh1 Nf8 23. Nc2 Nxc2 24. Qxc2 Ne6 25. Qb2 Rea8 26. Ra1 Rxa1 27. Rxa1 Rd8 28. c5 Nd4 29. Rd1 b6 30. cxb6 Qxb6 31. f4 Nb5 32. Rxd8+ Qxd8 33. Qd2 Qa8 34. fxe5 (34. f5 {is interesting.} Qa3 35. Bb2 Qa2 36. h4 Nd4 37. fxg6 fxg6 38. Bc3) 34... Qe8 35. Qb2 Qe6 36. Bf1 {The position is equal.} Qg4 37. Bxb5 Qf3+ 38. Kg1 Qe3+ 39. Kf1 cxb5 40. Qc2 h5 41. Bb2 Qf3+ 42. Kg1 Bf8 43. Bc3 Qe3+ 44. Kf1 Qf3+ 45. Kg1 Bg7 46. Bb2 Kh7 47. e6 Bxb2 48. Qxb2 $11 {[%mdl 4096] Endgame KQ-KQ} Qd1+ 49. Kg2 {[#] And now e7 would win.} fxe6 50. Qf2 Kg7 51. Qa7+ Kh6 52. Qe3+ Kg7 53. Qa7+ Kf6 54. Qf2+ Kg7 {Accuracy: White = 81%, Black = 61%.} 1/2-1/2

[Event "Dutch Open-ch 2019"]
[Site "Dieren"]
[Date "2019.07.26"]
[Round "4.4"]
[White "Hausrath, Daniel"]
[Black "Van Foreest, Lucas"]
[Result "0-1"]
[WhiteElo "2468"]
[BlackElo "2521"]
[Annotator "ChessBase"]
[PlyCount "90"]
[EventDate "2019.07.23"]
[EventType "swiss"]
[EventCountry "NED"]
[SourceTitle "playchess.com"]
[Source "ChessBase"]
[SourceQuality "1"]
[TimeControl "40/5400+30:1800+30"]

1. Nf3 {[%emt 0:00:00]} d5 {[%emt 0:00:00]} 2. b3 {[%emt 0:00:01]} Nf6 {[%emt 0:01:59]} 3. Bb2 {[%emt 0:00:21]} Bf5 {[%emt 0:01:07]} 4. c4 {[%emt 0:01:38]} e6 {[%emt 0:00:55]} 5. g3 {[%emt 0:02:36]} h6 {[%emt 0:00:44]} 6. Bg2 {[%emt 0:00:06]} Be7 {[%emt 0:00:13]} 7. O-O {[%emt 0:00:53]} O-O {[%emt 0:00:08]} 8. d3 {[%emt 0:00:07]} Nbd7 {[%emt 0:01:07]} 9. Nbd2 {[%emt 0:02:18]} c6 {[%emt 0:00:49]} 10. a3 {[%emt 0:02:56]} a5 {[%emt 0:00:10]} 11. Ra2 {[%emt 0:02:23]} Bh7 {[%emt 0:06:35]} 12. Qa1 {[%emt 0:01:54]} Ne8 {[%emt 0:02:48]} 13. Rb1 {[%emt 0:11:53]} g5 {[%emt 0:11:18]} 14. b4 {[%emt 0:07:21]} g4 {[%emt 0:05:13]} 15. Ne5 {[%emt 0:02:47]} Bg5 {[%emt 0:08:01]} 16. Rd1 {[%emt 0:17:59]} h5 {[%emt 0:02:54]} 17. Nxd7 {[%emt 0:02:08]} Qxd7 {[%emt 0:00:04]} 18. bxa5 {[%emt 0:08:49]} Rxa5 {[%emt 0:01:32]} 19. Bc3 {[%emt 0:00:09]} Ra8 {[%emt 0:00:48]} 20. cxd5 {[%emt 0:03:08]} exd5 {[%emt 0:02:07]} 21. Bb4 {[%emt 0:03:07]} Bf6 {[%emt 0:00:21]} 22. Qc1 {[%emt 0:00:44]} Nd6 {[%emt 0:01:05]} 23. Nb3 {[%emt 0:06:11]} Rfd8 {[%emt 0:06:24]} 24. Qf4 {[%emt 0:08:47]} Qe7 {[%emt 0:02:23]} 25. h4 {[%emt 0:03:23]} b6 {[%emt 0:02:56]} 26. Rc1 {[%emt 0:02:39]} c5 {[%emt 0:01:17]} 27. Bd2 {[%emt 0:00:28]} Qe6 {[%emt 0:02:21]} 28. a4 {[%emt 0:01:23]} Nf5 {[%emt 0:03:31]} 29. a5 {[%emt 0:02:44]} Qxe2 {[%emt 0:00:50]} 30. Bc3 {[%emt 0:00:54]} Qxa2 {[%emt 0:02:49]} 31. Bxf6 {[%emt 0:00:11]} Rd7 {[%emt 0:04:07]} 32. Nd2 {[%emt 0:00:33]} Qxa5 {[%emt 0:01:56]} 33. Re1 {[%emt 0:02:04]} Qa6 {[%emt 0:05:55]} 34. Re5 {[%emt 0:01:56]} Qxd3 {[%emt 0:00:48]} 35. Bf1 {[%emt 0:00:09]} Qc2 {[%emt 0:01:01]} 36. Ne4 {[%emt 0:02:09]} Qxe4 {[%emt 0:05:18]} 37. Rxe4 {[%emt 0:00:02]} dxe4 {[%emt 0:00:02]} 38. Qxe4 {[%emt 0:00:28]} Rf8 {[%emt 0:00:02]} 39. Qf4 {[%emt 0:00:41]} Bg6 {[%emt 0:00:29]} 40. Bg2 {[%emt 0:01:02]} Rd6 {[%emt 0:06:32]} 41. Be5 {[%emt 0:05:04]} Rd1+ {[%emt 0:02:40]} 42. Kh2 {[%emt 0:00:15]} Re8 {[%emt 0:00:44]} 43. Bc3 {[%emt 0:13:47]} Nd4 {[%emt 0:02:53]} 44. Qf6 {[%emt 0:00:54]} Re6 {[%emt 0:00:57]} 45. Qg5 {[%emt 0:01:41]} Re2 {[%emt 0:05:08]} 0-1

[Event "Dutch Open-ch 2019"]
[Site "Dieren"]
[Date "2019.07.26"]
[Round "4.5"]
[White "Ikonnikov, Vyacheslav"]
[Black "Lai, Hing Ting"]
[Result "1/2-1/2"]
[WhiteElo "2499"]
[BlackElo "2460"]
[Annotator "ChessBase"]
[PlyCount "41"]
[EventDate "2019.07.23"]
[EventType "swiss"]
[EventCountry "NED"]
[SourceTitle "playchess.com"]
[Source "ChessBase"]
[SourceQuality "1"]
[TimeControl "40/5400+30:1800+30"]

1. d4 {[%emt 0:00:00]} Nf6 {[%emt 0:20:10]} 2. Nf3 {[%emt 0:00:04]} e6 {[%emt 0:00:06]} 3. c4 {[%emt 0:00:14]} b6 {[%emt 0:00:10]} 4. g3 {[%emt 0:00:57]} Ba6 {[%emt 0:00:08]} 5. Nbd2 {[%emt 0:00:37]} d5 {[%emt 0:00:31]} 6. cxd5 {[%emt 0:01:44]} exd5 {[%emt 0:00:44]} 7. Bg2 {[%emt 0:00:07]} Bd6 {[%emt 0:00:12]} 8. O-O {[%emt 0:01:06]} O-O {[%emt 0:01:26]} 9. Nb1 {[%emt 0:04:06]} Re8 {[%emt 0:02:26]} 10. Nc3 {[%emt 0:00:11]} c6 {[%emt 0:02:28]} 11. Re1 {[%emt 0:09:14]} Nbd7 {[%emt 0:01:42]} 12. Bf4 {[%emt 0:00:57]} Nf8 {[%emt 0:12:50]} 13. Bxd6 {[%emt 0:16:04]} Qxd6 {[%emt 0:02:13]} 14. Ne5 {[%emt 0:00:18]} Bb7 {[%emt 0:03:32]} 15. e3 {[%emt 0:02:23]} N6d7 {[%emt 0:06:00]} 16. Nd3 {[%emt 0:04:53]} Ne6 {[%emt 0:04:39]} 17. b4 {[%emt 0:04:19]} a5 {[%emt 0:04:18]} 18. b5 {[%emt 0:18:33]} c5 {[%emt 0:03:17]} 19. dxc5 {[%emt 0:00:28]} bxc5 {[%emt 0:00:42]} 20. Nb2 {[%emt 0:00:08]} Nb6 {[%emt 0:02:13]} 21. Nba4 {[%emt 0:01:52]} 1/2-1/2

[Event "Dutch Open-ch 2019"]
[Site "Dieren"]
[Date "2019.07.26"]
[Round "4.6"]
[White "Bosboom, Manuel"]
[Black "Schoppen, Casper"]
[Result "0-1"]
[WhiteElo "2418"]
[BlackElo "2493"]
[Annotator "ChessBase"]
[PlyCount "72"]
[EventDate "2019.07.23"]
[EventType "swiss"]
[EventCountry "NED"]
[SourceTitle "playchess.com"]
[Source "ChessBase"]
[SourceQuality "1"]
[TimeControl "40/5400+30:1800+30"]

1. e4 {[%emt 0:00:02]} c5 {[%emt 0:05:27]} 2. Nf3 {[%emt 0:00:11]} Nc6 {[%emt 0:00:10]} 3. g3 {[%emt 0:02:06]} Nf6 {[%emt 0:02:10]} 4. d3 {[%emt 0:00:39]} d5 {[%emt 0:01:06]} 5. Nbd2 {[%emt 0:00:30]} g6 {[%emt 0:06:41]} 6. Bg2 {[%emt 0:00:28]} Bg7 {[%emt 0:00:05]} 7. O-O {[%emt 0:00:09]} O-O {[%emt 0:00:05]} 8. Re1 {[%emt 0:01:02]} Qc7 {[%emt 0:02:22]} 9. c3 {[%emt 0:06:20]} Rd8 {[%emt 0:08:22]} 10. exd5 {[%emt 0:25:46]} Nxd5 {[%emt 0:02:09]} 11. Qb3 {[%emt 0:02:26]} h6 {[%emt 0:10:48]} 12. Nc4 {[%emt 0:05:15]} Bf5 {[%emt 0:12:41]} 13. Nfe5 {[%emt 0:26:56]} Nxe5 {[%emt 0:02:29]} 14. Nxe5 {[%emt 0:00:08]} e6 {[%emt 0:02:26]} 15. f4 {[%emt 0:03:53]} g5 {[%emt 0:02:50]} 16. Qd1 {[%emt 0:10:34]} gxf4 {[%emt 0:02:32]} 17. gxf4 {[%emt 0:03:39]} f6 {[%emt 0:02:21]} 18. Ng4 {[%emt 0:03:21]} Nxf4 {[%emt 0:02:02]} 19. Bxf4 {[%emt 0:00:07]} Qxf4 {[%emt 0:00:06]} 20. Nf2 {[%emt 0:00:03]} Rab8 {[%emt 0:13:08]} 21. Qb3 {[%emt 0:02:06]} b5 {[%emt 0:01:13]} 22. Re4 {[%emt 0:03:08]} Bxe4 {[%emt 0:02:50]} 23. Qxe6+ {[%emt 0:00:05]} Kh8 {[%emt 0:00:08]} 24. Bxe4 {[%emt 0:00:28]} f5 {[%emt 0:00:23]} 25. Qxf5 {[%emt 0:01:14]} Qxf5 {[%emt 0:00:06]} 26. Bxf5 {[%emt 0:00:01]} b4 {[%emt 0:00:17]} 27. Rc1 {[%emt 0:01:42]} bxc3 {[%emt 0:00:06]} 28. bxc3 {[%emt 0:00:01]} Rb2 {[%emt 0:00:18]} 29. Be6 {[%emt 0:00:59]} Re8 {[%emt 0:00:07]} 30. Bc4 {[%emt 0:00:55]} Ree2 {[%emt 0:00:47]} 31. Ne4 {[%emt 0:00:27]} Be5 {[%emt 0:00:37]} 32. h4 {[%emt 0:00:43]} Rg2+ {[%emt 0:00:27]} 33. Kh1 {[%emt 0:00:18]} Rh2+ {[%emt 0:02:16]} 34. Kg1 {[%emt 0:00:01]} Rxh4 {[%emt 0:00:21]} 35. Nxc5 {[%emt 0:00:12]} Bh2+ {[%emt 0:00:41]} 36. Kf1 {[%emt 0:00:06]} Rf4+ {[%emt 0:00:07]} 0-1